• 首页
  • 本馆介绍
  • 公告通知
  • 最新文献
  • 馆藏检索
  • 电子资源
  • 读者导购
  • 参考咨询
  • 我的图书馆
  • 登录
  • 详细信息显示
  • 放入我的书架
  • 预约/预借图书
  • 作者相关作品
  • 分类相关作品
  • 丛书相关作品
  • 出版社相关作品

书目信息

  • 表格格式
  • 工作单格式
  • 卡片格式
题名:
中国戏曲脸谱
    
 
作者: 金东瑞 编著
分册:  
出版信息: 长春   吉林文史出版社  2010
页数: 120页
开本: 23cm
丛书名:
单 册:
中图分类: J821.5
科图分类:
主题词: 戏曲--脸谱--研究--中国 , 戏曲 , 脸谱
电子资源:
ISBN: 978-7-5463-1281-1
000 00861nam0 2200277 45
001 1133574250
005 20110413090519.78
010    @a978-7-5463-1281-1@dCNY22.00
100    @a20110316d2010 em y0chiy0110 ea
101 0  @achi
102    @aCN@b220000
105    @aa z 000yy
106    @ar
200 1  @a中国戏曲脸谱@AZhong Guo Xi Qu Lian Pu@f金东瑞编著@FJin Dong Rui Bian Zhu
205    @a2版
210    @a长春@c吉林文史出版社@d2010
215    @a120页@c图@d23cm
300    @a中国文化知识读本/金开诚主编
330    @a本书内容包括:戏曲脸谱的产生与发展过程、戏曲脸谱与传统文化、戏曲脸谱的特点、脸谱的分类、典型的戏曲剧种脸谱探秘。
606 0  @a戏曲@x脸谱@x研究@y中国
606 0  @a戏曲
606 0  @a脸谱
690    @aJ821.5@v4
701  0 @a金东瑞@AJin Dong Rui@4编著
801  0 @aCN@bTANGWEI@c20110413
905    @b0534803-07@dJ821.5@e117=2@f5
    
    中国戏曲脸谱/金东瑞编著.-2版.-长春:吉林文史出版社,2010
    120页:图;23cm
    中国文化知识读本/金开诚主编
    
    ISBN 978-7-5463-1281-1:CNY22.00
    本书内容包括:戏曲脸谱的产生与发展过程、戏曲脸谱与传统文化、戏曲脸谱的特点、脸谱的分类、典型的戏曲剧种脸谱探秘。
●
相关链接 在E读中查询图书 在五车中查询图书 在当当中查询图书 在豆瓣中查询图书


正题名:中国戏曲脸谱     索取号:J821.5/117=2         预约/预借

序号 登录号 条形码 馆藏地/架位号 状态 备注
1 0534803   205348033   第一样本阅览室/ [索取号:J821.5/117=2] 在馆    
2 0534804   205348042   第一借阅区/ [索取号:J821.5/117=2] 在馆    
3 0534805   205348051   第一借阅区/ [索取号:J821.5/117=2] 在馆    
4 0534806   205348060   第一借阅区/ [索取号:J821.5/117=2] 在馆    
5 0534807   205348079   第一借阅区/ [索取号:J821.5/117=2] 在馆    
唐山师范学院图书馆 欢迎您!
大连网信软件有限公司© 版权所有